Marketing of social products : (Record no. 34058)
[ view plain ]
| 000 -LEADER | |
|---|---|
| fixed length control field | 00939cam a2200277 a 4500 |
| 001 - CONTROL NUMBER | |
| control field | 34058 |
| 003 - CONTROL NUMBER IDENTIFIER | |
| rucl marc code | BD-RjUL |
| 005 - DATE AND TIME OF LATEST TRANSACTION | |
| control field | 20211209052111.0 |
| 008 - FIXED-LENGTH DATA ELEMENTS--GENERAL INFORMATION | |
| fixed length control field | 140512s1981 bg b 001 0 eng |
| 035 ## - SYSTEM CONTROL NUMBER | |
| System control number | (BD-RjUL)34152 |
| System control number | (NNC)256972 |
| 040 ## - CATALOGING SOURCE | |
| Modifying agency | BD-RjUL |
| Original cataloging agency | CStRLIN |
| Language of cataloging | eng |
| Transcribing agency | CStRLIN |
| 041 ## - LANGUAGE CODE | |
| Language code of text/sound track or separate title | eng |
| 082 0# - DEWEY DECIMAL CLASSIFICATION NUMBER | |
| Classification number | 363.96095492 |
| Edition number | 19 |
| Author mark and year | MIM 1981 |
| 090 ## - LOCALLY ASSIGNED LC-TYPE CALL NUMBER (OCLC); LOCAL CALL NUMBER (OCLC) | |
| Classification number (OCLC) (R) ; Classification number, CALL (RLIN) (NR) | HQ766.5.B3 |
| Local cutter number (OCLC) ; Book number/undivided call number, CALL (RLIN) | M58 1981 |
| 100 1# - MAIN ENTRY--PERSONAL NAME | |
| Personal name | Miyan, Mohammad Alimullah. |
| 9 (RLIN) | 103513 |
| 245 10 - TITLE STATEMENT | |
| Title | Marketing of social products : |
| Remainder of title | family planning in Bangladesh / |
| Statement of responsibility, etc. | M. Alimullah Miyan. |
| 260 ## - PUBLICATION, DISTRIBUTION, ETC. (IMPRINT) | |
| Place of publication, distribution, etc. | Dacca : |
| Name of publisher, distributor, etc. | Centre for Population Management and Research, Institute of Business Administration, Dacca University, |
| Date of publication, distribution, etc. | 1981. |
| 300 ## - PHYSICAL DESCRIPTION | |
| Pagination | xvii, 225 p. ; |
| Size | 24 cm. |
| 504 ## - BIBLIOGRAPHY, ETC. NOTE | |
| Bibliography, etc | Bibliography: p. 198-211. |
| Bibliography, etc | Includes index. |
| 650 #0 - SUBJECT ADDED ENTRY--TOPICAL TERM | |
| Topical term or geographic name as entry element | Birth control |
| General subdivision | Government policy |
| Geographic subdivision | Bangladesh. |
| 9 (RLIN) | 103515 |
| 942 ## - ADDED ENTRY ELEMENTS (KOHA) | |
| Source of classification or shelving scheme | Dewey Decimal Classification |
| Koha item type | Books |
| Lost status | Source of classification or shelving scheme | Damaged status | Not for loan | Collection code | Permanent Location | Current Location | Shelving location | Date acquired | Source of acquisition | Cost, normal purchase price | Total Checkouts | Full call number | Date last seen | Copy number | Koha item type |
|---|---|---|---|---|---|---|---|---|---|---|---|---|---|---|---|
| Dewey Decimal Classification | Non-fiction | Central Library, University of Rajshahi | Central Library, University of Rajshahi | 08/06/1983 | Ideal Lib. | 48.00 | 363.96095492 MIM 1981 | 12/05/2014 | C-2 | Books | |||||
| Dewey Decimal Classification | Non-fiction | Central Library, University of Rajshahi | Central Library, University of Rajshahi | 08/06/1983 | India Int. Cal. | 48.00 | 363.96095492 MIM 1981 | 14/05/2014 | C-4 | Books | |||||
| Dewey Decimal Classification | Not For Loan | Non-fiction | Central Library, University of Rajshahi | Central Library, University of Rajshahi | Reading Room | 08/06/1983 | Ideal Library. | 48.00 | 363.96095492 MIM 1981 | 14/05/2014 | C-1 | Books | |||
| Dewey Decimal Classification | Non-fiction | Central Library, University of Rajshahi | Central Library, University of Rajshahi | 08/06/1983 | Ideal Library. | 48.00 | 363.96095492 MIM 1981 | 14/05/2014 | C-3 | Books | |||||
| Dewey Decimal Classification | Non-fiction | Central Library, University of Rajshahi | Central Library, University of Rajshahi | 08/06/1983 | Ideal Library. | 48.00 | 363.96095492 MIM 1981 | 14/05/2014 | C-5 | Books |